Schultz Pál javaslata a cigányok művelődéséről a magyar királyi belügyminiszterhez

Elmentve itt :
Bibliográfiai részletek
Szerző: Schultz Pál
További közreműködők: Széll Kálmán
Dokumentumtípus: Kézirat
Megjelent: 1901-10-28
Kulcsszavak:cigányügy, cigányok letelepítése, cigányok oktatása, törvényjavaslat
Online Access:http://misc.bibl.u-szeged.hu/46821
LEADER 00713ntm a2200181 i 4500
001 misc46821
005 20201001140611.0
008 200507s1901 hu o 0|| hun d
040 |a SZTE Miscellanea Repozitórium  |b hun 
041 |a hun 
100 1 |a Schultz Pál 
245 1 0 |a Schultz Pál javaslata a cigányok művelődéséről a magyar királyi belügyminiszterhez  |h [elektronikus dokumentum] /  |c  Schultz Pál 
260 |c 1901-10-28 
300 |a 3 p. 
561 |a Herrmann Antal hagyaték 
695 |a cigányügy, cigányok letelepítése, cigányok oktatása, törvényjavaslat 
700 0 1 |a Széll Kálmán 
856 4 0 |u http://misc.bibl.u-szeged.hu/46821/1/hermann_antal_ms_1934_004_egyeb_058.pdf  |z Dokumentum-elérés